Normal view
MARC view
Entry Personal Name
001 - CONTROL NUMBER
- control field: 1077701
003 - CONTROL NUMBER IDENTIFIER
- control field: OSt
005 - DATE AND TIME OF LATEST TRANSACTION
- control field: 20260121171546.0
008 - FIXED-LENGTH DATA ELEMENTS
- fixed length control field: 260121|| aca||aabn | a|a d
040 ## - CATALOGING SOURCE
- Original cataloging agency: OSt
- Transcribing agency: OSt
100 ## - HEADING--PERSONAL NAME
- Personal name: Ernst-Detlef Schulze, Erwin Beck, Nina Buchmann, Stephan Clemens, Klaus Müller-Hohenstein, Michael Scherer-Lorenzen
670 ## - SOURCE DATA FOUND
- Source citation: Work cat.: (OSt)1643432: Ernst-Detlef Schulze, Erwin Beck, Nina Buchmann, Stephan Clemens, Klaus Müller-Hohenstein, Michael Scherer-Lorenzen, Plant Ecology
